000 01133cab a2200361 4500
001 ABS51609
008 090401t1994 xxu||||| |||| 00| 0 eng d
035 _a(Sirsi) u35068
041 _aeng
100 _aTiesdell, S.
245 _aPreserved for what purpose?
260 _c1994
350 _a0
490 _aSurveyor
_v181(5311) 6 October 1994, 18-21(3)
520 _aTakes the example of Nottingham`s Lace Market to explore possible practical outcomes of conservation planning guidance, the revision of which is addressed by PPG15. Stresses the need to find meaningful economic uses for buildings once preserved.
650 _aALTERNATIVE USES
650 _aBUILDING CONSERVATION
650 _aCHANGE OF USE
650 _aCONSERVATION AREAS
650 _aECONOMIC USES
650 _aHISTORIC BUILDINGS
650 _aHISTORIC TOWNS
650 _aLISTED BUILDINGS
650 _aPLANNING POLICY
650 _aPRESERVATION
650 _aUSE CLASSES
650 _aVIABILITY
690 _aCONSERVATION
690 _aPLANNING LAW AND PRACTICE
700 _aOc, T
942 _n0
948 _c04/03/1997
999 _c23033
_d23033